[Event "Marienbad Open 2022 - A2 GM Round Robin"]
[Site "Continental hotel, Marianske Lazne"]
[Date "2022.01.15"]
[Round "1"]
[Board "5"]
[White "Stefansson, Hannes"]
[Black "Rasik, Vitezslav"]
[Result "1-0"]
[WhiteElo "2518"]
[BlackElo "2424"]
[PlyCount "111"]
[EventDate "2022.01.15"]
[EventRounds "9"]
[EventCountry "CZE"]

1. e4 d6 2. d4 g6 3. Nc3 Bg7 4. Be3 Nf6 5. Qd2 O-O 6. f3 c6 7. Bh6 e5 8. Bxg7
Kxg7 9. O-O-O Nbd7 10. h4 h5 11. Nh3 b5 12. Ng5 Qa5 13. Kb1 b4 14. Ne2 Ba6 15.
g4 Rh8 16. gxh5 Nxh5 17. dxe5 Bxe2 18. Bxe2 Qxe5 19. f4 Nxf4 20. Rhf1 f6 21.
Nf3 Qxe4 22. Qxd6 Nf8 23. Nd4 Rxh4 24. Bc4 Re8 25. Qxb4 Qe7 26. Qd2 N4e6 27.
Nxc6 Qc5 28. Bxe6 Rxe6 29. Nd4 Rb6 30. Qf2 Qh5 31. Rde1 Rh2 32. Qg3 Qh3 33.
Qc7+ Kg8 34. Qc4+ Kg7 35. Nf3 Rg2 36. Re7+ Kh6 37. a4 Rg4 38. Qe2 g5 39. a5 Re6
40. Rxe6 Nxe6 41. Ng1 Nf4 42. Qa6 Qg2 43. Qxf6+ Ng6 44. Re1 Rf4 45. Qa6 Qf2 46.
Rd1 Rf6 47. Qc4 Rf4 48. Qd3 Rh4 49. Ne2 Rg4 50. Qh3+ Rh4 51. Qe6 Qf3 52. Rd8
Kh5 53. Rd7 Nf8 54. Qe8+ Ng6 55. Rd6 Rh1+ 56. Ka2  1-0

[Event "Marienbad Open 2022 - A2 GM Round Robin"]
[Site "Continental hotel, Marianske Lazne"]
[Date "2022.01.16"]
[Round "2"]
[Board "1"]
[White "Lalith, Babu"]
[Black "Rasik, Vitezslav"]
[Result "1/2-1/2"]
[WhiteElo "2548"]
[BlackElo "2424"]
[PlyCount "74"]
[EventDate "2022.01.15"]
[EventRounds "9"]
[EventCountry "CZE"]

1. d4 d6 2. Nf3 g6 3. c4 Bg7 4. Nc3 Nf6 5. e4 O-O 6. h3 Na6 7. Bg5 Qe8 8. Be2
e5 9. d5 Nh5 10. g3 f5 11. exf5 gxf5 12. Nh4 Nf6 13. Qc2 c6 14. Bxf6 Rxf6 15.
g4 e4 16. O-O-O Nc5 17. Kb1 Qe5 18. f3 e3 19. Ng2 f4 20. Ne1 Bd7 21. Nd3 Nxd3
22. Bxd3 h6 23. Qb3 Rb8 24. dxc6 Bxc6 25. Be4 Rc8 26. Rd3 Kh8 27. Rhd1 Qa5 28.
Qc2 Re8 29. Nd5 Rff8 30. Ra3 Qd8 31. Qe2 a6 32. Bc2 Qd7 33. Nb4 Be5 34. h4 Qg7
35. Nxc6 bxc6 36. Be4 Rb8 37. b3 Qb7  1/2-1/2

[Event "Marienbad Open 2022 - A2 GM Round Robin"]
[Site "Continental hotel, Marianske Lazne"]
[Date "2022.01.16"]
[Round "2"]
[Board "2"]
[White "Malinovsky, Karel"]
[Black "Stefansson, Hannes"]
[Result "1-0"]
[WhiteElo "2473"]
[BlackElo "2518"]
[PlyCount "157"]
[EventDate "2022.01.15"]
[EventRounds "9"]
[EventCountry "CZE"]

1. e4 e5 2. Nf3 Nc6 3. Bb5 a6 4. Ba4 Nf6 5. O-O Nxe4 6. d4 b5 7. Bb3 d5 8. dxe5
Be6 9. Qe2 Be7 10. Rd1 O-O 11. c4 bxc4 12. Bxc4 Bc5 13. Be3 Bxe3 14. Qxe3 Qb8
15. Bb3 Na5 16. Nbd2 Qa7 17. Nxe4 Qxe3 18. fxe3 Nxb3 19. axb3 dxe4 20. Nd4 c5
21. Nc6 h6 22. Ra5 Bxb3 23. Rd6 c4 24. Kf2 Rfe8 25. Ke2 c3 26. bxc3 Bc4+ 27.
Kd2 Bb5 28. Nd4 Rab8 29. Nxb5 axb5 30. Rd5 b4 31. c4 b3 32. Rab5 Ra8 33. Kc3
Ra2 34. Rd2 Kf8 35. Rxb3 Rxd2 36. Kxd2 Rxe5 37. Kc3 Ra5 38. Rb2 Ke7 39. Kd4 Ra4
40. Kd5 f5 41. c5 Ra3 42. Rb7+ Kd8 43. Rxg7 Rxe3 44. Rg8+ Kc7 45. Ke5 Rc3 46.
Kxf5 Rxc5+ 47. Kxe4 Kd7 48. Rf8 Ke6 49. h3 Ra5 50. Kf4 Ra2 51. Kg3 Ke7 52. Rf5
Rb2 53. Kf3 Ra2 54. g3 Ra4 55. Kg2 Ra2+ 56. Kf3 Ra4 57. Rf4 Ra3+ 58. Kg4 Rb3
59. Rf5 Ra3 60. Rf3 Rxf3 61. Kxf3 Kf7 62. Ke3 Ke7 63. Kd4 Kd6 64. Ke4 Ke6 65.
Kf4 Kf6 66. Kf3 Kf5 67. Kg2 Kg6 68. Kg1 Kg7 69. Kh1 Kf7 70. Kh2 Kg7 71. Kg1 Kg6
72. Kg2 Kg7 73. Kf3 Kf7 74. g4 Kg6 75. Kf4 Kf6 76. h4 Ke6 77. Ke4 Kf6 78. Kd5
Kf7 79. Ke5  1-0

[Event "Marienbad Open 2022 - A2 GM Round Robin"]
[Site "Continental hotel, Marianske Lazne"]
[Date "2022.01.16"]
[Round "2"]
[Board "3"]
[White "Braeuer, Franz"]
[Black "Sorm, Daniel"]
[Result "1/2-1/2"]
[WhiteElo "2435"]
[BlackElo "2345"]
[PlyCount "119"]
[EventDate "2022.01.15"]
[EventRounds "9"]
[EventCountry "CZE"]

1. e4 e5 2. Nf3 Nc6 3. Bb5 a6 4. Ba4 Nf6 5. Nc3 d6 6. Bxc6+ bxc6 7. d4 exd4 8.
Nxd4 Bd7 9. Qf3 c5 10. Nf5 Bxf5 11. Qxf5 Qd7 12. Qf4 Qg4 13. O-O Qxf4 14. Bxf4
Nd7 15. Rfe1 O-O-O 16. Rad1 g6 17. e5 dxe5 18. Bxe5 Nxe5 19. Rxd8+ Kxd8 20.
Rxe5 Bd6 21. Re4 Kd7 22. b3 f5 23. Rc4 Re8 24. Kf1 g5 25. h3 h6 26. Na4 Kc6 27.
Nb2 Kd5 28. Ra4 Ra8 29. Nd3 Kc6 30. g4 fxg4 31. hxg4 Kb6 32. Re4 h5 33. gxh5
Rh8 34. Re6 Rxh5 35. Rg6 Rh1+ 36. Ke2 Rg1 37. Ne5 Kb5 38. Nc4 Kc6 39. a4 Kd5
40. Kd3 Rd1+ 41. Ke2 Rg1 42. Nd2 g4 43. Nf1 Kd4 44. Ne3 Kc3 45. Re6 g3 46. Re4
gxf2 47. Rc4+ Kb2 48. Kxf2 Rh1 49. Ke2 Rh2+ 50. Kd3 Kc1 51. Rg4 Rd2+ 52. Kc4
Kb2 53. Re4 Bf8 54. c3 Bg7 55. Rg4 Bxc3 56. Rg2 Rxg2 57. Nxg2 Ba5 58. Nf4 Bb6
59. a5 Bxa5 60. Nd3+  1/2-1/2

[Event "Marienbad Open 2022 - A2 GM Round Robin"]
[Site "Continental hotel, Marianske Lazne"]
[Date "2022.01.16"]
[Round "2"]
[Board "4"]
[White "Kusa, Jakub"]
[Black "Ghazarian, Kirk"]
[Result "1/2-1/2"]
[WhiteElo "2297"]
[BlackElo "2379"]
[PlyCount "194"]
[EventDate "2022.01.15"]
[EventRounds "9"]
[EventCountry "CZE"]

1. d4 Nf6 2. Nf3 d5 3. c4 e6 4. g3 dxc4 5. Bg2 a6 6. O-O Nc6 7. e3 Rb8 8. Qe2
b5 9. b3 cxb3 10. axb3 Bd6 11. Bd2 O-O 12. Rc1 Bb7 13. Ne1 Qd7 14. Nd3 Rfe8 15.
Ra2 e5 16. Rac2 e4 17. Nc5 Bxc5 18. Rxc5 Rbc8 19. Qf1 Qd6 20. Nc3 Ne7 21. Na2
Ned5 22. Bh3 Rcd8 23. Ba5 Bc8 24. b4 Bxh3 25. Qxh3 Qe6 26. Qxe6 Rxe6 27. Bxc7
Nxc7 28. Rxc7 g6 29. Rc8 Rxc8 30. Rxc8+ Kg7 31. Nc3 h5 32. d5 Re7 33. d6 Rd7
34. Rc6 Ne8 35. Nxe4 f5 36. Nc5 Rxd6 37. Rxa6 Rxa6 38. Nxa6 Kf6 39. Kf1 Ke5 40.
Ke2 g5 41. Kd3 g4 42. Nb8 Nd6 43. Nc6+ Kd5 44. Nd4 Ke5 45. f4+ gxf3 46. Nxf3+
Kd5 47. Nh4 Ke5 48. Ng2 Ne4 49. Nf4 Nf6 50. Ng6+ Kd5 51. Nh4 Ng4 52. Nxf5 Ne5+
53. Kc3 Ke4 54. Ng7 Ng4 55. Nxh5 Nxh2 56. Nf6+ Ke5 57. Ne8 Nf1 58. Kd3 Nxg3 59.
Nc7 Nf5 60. Nxb5 Ne7 61. Nc3 Nc6 62. Kc4 Kd6 63. b5 Ne5+ 64. Kb4 Nd7 65. Ka5
Kc5 66. Ne4+ Kd5 67. Nd2 Kc5 68. e4 Nf6 69. b6 Nd7 70. Nb3+ Kc6 71. Nd4+ Kb7
72. Kb5 Nxb6 73. Kc5 Nc8 74. Nb5 Ne7 75. Kd6 Ng6 76. Nd4 Kc8 77. Nc6 Nh4 78. e5
Nf5+ 79. Ke6 Ng3 80. Ke7 Kc7 81. Nd4 Ne4 82. Kf7 Ng5+ 83. Kf6 Ne4+ 84. Ke7 Kc8
85. Nb5 Ng5 86. Nd6+ Kc7 87. Kf6 Nh7+ 88. Kg7 Ng5 89. Kf6 Nh7+ 90. Ke7 Ng5 91.
Ne8+ Kc6 92. Kf6 Ne4+ 93. Kf5 Nc5 94. Nf6 Kc7 95. Kg6 Nd3 96. Nd5+ Kd7 97. Kf6
Nxe5  1/2-1/2

[Event "Marienbad Open 2022 - A2 GM Round Robin"]
[Site "Continental hotel, Marianske Lazne"]
[Date "2022.01.16"]
[Round "2"]
[Board "5"]
[White "Wachinger, Nikolas"]
[Black "Finek, Vaclav"]
[Result "1/2-1/2"]
[WhiteElo "2360"]
[BlackElo "2425"]
[PlyCount "118"]
[EventDate "2022.01.15"]
[EventRounds "9"]
[EventCountry "CZE"]

1. e4 c5 2. Nf3 e6 3. d4 cxd4 4. Nxd4 Nc6 5. Nc3 Qc7 6. g4 a6 7. Be3 b5 8. Nxc6
Qxc6 9. Qd2 b4 10. Ne2 Qxe4 11. Rg1 Qc4 12. Ng3 Qc7 13. O-O-O Nf6 14. Bf4 d6
15. Qxb4 Rb8 16. Bxd6 Rxb4 17. Bxc7 Nd5 18. Be5 Bc5 19. c4 Ne3 20. Bc3 Nxd1 21.
Bxb4 Bxb4 22. Kxd1 Ke7 23. Bd3 Bd7 24. Ne4 Bc6 25. Ke2 Bxe4 26. Bxe4 a5 27. Bc6
Rd8 28. a3 Bd6 29. h3 Bc5 30. Rb1 Rb8 31. Bb5 Ra8 32. f3 a4 33. Rd1 Ra7 34. Kd3
h6 35. Kc3 g6 36. Rd3 f5 37. gxf5 gxf5 38. Rd2 h5 39. Rg2 Kf6 40. h4 Ke5 41.
Re2+ Kf6 42. Be8 Ra8 43. Bd7 Ra6 44. Rg2 Ke5 45. Rg5 Ra7 46. f4+ Kd6 47. Be8
Be3 48. Rg2 Bxf4 49. Kb4 Be3 50. Bxa4 Bc5+ 51. Kb3 f4 52. Rd2+ Ke5 53. Bc6 Rg7
54. Rg2 Rxg2 55. Bxg2 Kd4 56. Kc2 Kxc4 57. Bf3 Be7 58. Bxh5 Bxh4 59. Kd2 Kb3
 1/2-1/2

[Event "Marienbad Open 2022 - A2 GM Round Robin"]
[Site "Continental hotel, Marianske Lazne"]
[Date "2022.01.17"]
[Round "3"]
[Board "1"]
[White "Finek, Vaclav"]
[Black "Lalith, Babu"]
[Result "0-1"]
[WhiteElo "2425"]
[BlackElo "2548"]
[PlyCount "82"]
[EventDate "2022.01.15"]
[EventRounds "9"]
[EventCountry "CZE"]

1. Nf3 Nf6 2. c4 g6 3. d4 Bg7 4. g3 O-O 5. Bg2 d5 6. cxd5 Nxd5 7. O-O Nc6 8. e4
Nb6 9. d5 Na5 10. Nc3 c6 11. dxc6 Nxc6 12. Qe2 Bg4 13. Be3 Qc8 14. Bxb6 axb6
15. Qe3 Qe6 16. Ng5 Qe5 17. h3 Bc8 18. f4 Qd4 19. Qxd4 Bxd4+ 20. Kh2 e5 21.
Rfd1 exf4 22. gxf4 Ra5 23. Nf3 Bg7 24. Rd2 Be6 25. Nd5 b5 26. Ng5 h6 27. Nf3 b4
28. a3 Ra4 29. Rb1 bxa3 30. bxa3 Rxe4 31. Rxb7 Bxd5 32. Rxd5 Rxf4 33. Rc7 Nd8
34. Rc8 Ne6 35. Rxf8+ Bxf8 36. Ra5 Bd6 37. Kg1 Rc4 38. Bf1 Bc5+ 39. Kh1 Rc1 40.
Kg2 Nf4+ 41. Kg3 Nh5+  0-1

[Event "Marienbad Open 2022 - A2 GM Round Robin"]
[Site "Continental hotel, Marianske Lazne"]
[Date "2022.01.17"]
[Round "3"]
[Board "2"]
[White "Ghazarian, Kirk"]
[Black "Wachinger, Nikolas"]
[Result "1/2-1/2"]
[WhiteElo "2379"]
[BlackElo "2360"]
[PlyCount "64"]
[EventDate "2022.01.15"]
[EventRounds "9"]
[EventCountry "CZE"]

1. d4 Nf6 2. c4 e6 3. Nf3 d5 4. g3 Be7 5. Bg2 O-O 6. O-O dxc4 7. Qc2 b5 8. a4
Bb7 9. axb5 a6 10. Nc3 axb5 11. Rxa8 Bxa8 12. Nxb5 Bd5 13. Rd1 Nc6 14. Bf4 Nb4
15. Qb1 c5 16. Be5 Ng4 17. Nc3 Nxe5 18. dxe5 Qc7 19. Nb5 Qc6 20. Nc3 Qc7 21.
Nb5 Qb8 22. Na3 Rd8 23. e4 Bc6 24. Rxd8+ Qxd8 25. Nxc4 Nd3 26. Ne1 Nxe1 27.
Qxe1 Qd4 28. b3 Qd3 29. Na5 Ba8 30. h4 Bd8 31. Qa1 h5 32. Nc4 Bxe4  1/2-1/2

[Event "Marienbad Open 2022 - A2 GM Round Robin"]
[Site "Continental hotel, Marianske Lazne"]
[Date "2022.01.17"]
[Round "3"]
[Board "3"]
[White "Sorm, Daniel"]
[Black "Kusa, Jakub"]
[Result "1/2-1/2"]
[WhiteElo "2345"]
[BlackElo "2297"]
[PlyCount "96"]
[EventDate "2022.01.15"]
[EventRounds "9"]
[EventCountry "CZE"]

1. d4 Nf6 2. c4 e6 3. Nc3 d5 4. cxd5 exd5 5. Bg5 Nbd7 6. e3 c6 7. Bd3 Be7 8.
Nge2 O-O 9. f3 Re8 10. Bh4 Nf8 11. O-O Ne4 12. Be1 Nxc3 13. bxc3 c5 14. Bf2 Ne6
15. Qb1 g6 16. e4 Bf6 17. e5 Bh4 18. g3 Be7 19. f4 Ng7 20. dxc5 Qc7 21. Nd4
Bxc5 22. Nb5 Qe7 23. Bxc5 Qxc5+ 24. Rf2 Bf5 25. Nd6 Qxc3 26. Bxf5 Nxf5 27. Nxe8
Rxe8 28. Qe1 Qa3 29. Qc1 Qa6 30. Qc5 d4 31. g4 Ne3 32. Qxd4 Nxg4 33. Rg2 Nh6
34. Rc1 Nf5 35. Qd7 Qb6+ 36. Kh1 Re6 37. h3 Qe3 38. Rc7 Qxh3+ 39. Kg1 Qe3+ 40.
Rf2 Qe1+ 41. Rf1 Qg3+ 42. Kh1 Qh3+ 43. Kg1 Qg4+ 44. Kh2 Qh4+ 45. Kg1 Qg4+ 46.
Kh2 Qe2+ 47. Kg1 Qe3+ 48. Kh2 Qg3+  1/2-1/2

[Event "Marienbad Open 2022 - A2 GM Round Robin"]
[Site "Continental hotel, Marianske Lazne"]
[Date "2022.01.17"]
[Round "3"]
[Board "4"]
[White "Stefansson, Hannes"]
[Black "Braeuer, Franz"]
[Result "1-0"]
[WhiteElo "2518"]
[BlackElo "2435"]
[PlyCount "49"]
[EventDate "2022.01.15"]
[EventRounds "9"]
[EventCountry "CZE"]

1. e4 e5 2. Nf3 Nc6 3. Bb5 a6 4. Ba4 Nf6 5. O-O b5 6. Bb3 Bc5 7. Nc3 d6 8. h3
h6 9. d3 Na5 10. Ne2 O-O 11. Ng3 Bb6 12. c3 Nxb3 13. axb3 Re8 14. Be3 Rb8 15.
Qd2 d5 16. Bxh6 gxh6 17. Qxh6 Re6 18. Qg5+ Kh8 19. exd5 Qxd5 20. Nf5 Ne8 21.
Qh5+ Kg8 22. Ng5 Rg6 23. Qh7+ Kf8 24. Qh8+ Rg8 25. Nh7#  1-0

[Event "Marienbad Open 2022 - A2 GM Round Robin"]
[Site "Continental hotel, Marianske Lazne"]
[Date "2022.01.18"]
[Round "4"]
[Board "1"]
[White "Lalith, Babu"]
[Black "Malinovsky, Karel"]
[Result "1-0"]
[WhiteElo "2548"]
[BlackElo "2473"]
[PlyCount "79"]
[EventDate "2022.01.15"]
[EventRounds "9"]
[EventCountry "CZE"]

1. d4 d5 2. Nf3 Nf6 3. c4 e6 4. Nc3 Be7 5. Bf4 O-O 6. e3 b6 7. Bd3 Bb7 8. O-O
c5 9. cxd5 Nxd5 10. Nxd5 exd5 11. dxc5 bxc5 12. Qc2 h6 13. Rfd1 Nc6 14. Qa4 Qb6
15. Rac1 Rfe8 16. Rd2 Bf8 17. Bg3 g6 18. h4 h5 19. Ng5 Ne5 20. Be2 Rad8 21. Qc2
Qf6 22. Bb5 Nc6 23. Rcd1 a6 24. Be2 Ne7 25. Ne4 Qc6 26. Be5 Bg7 27. Bxg7 Kxg7
28. Nxc5 Rc8 29. Qc3+ Kg8 30. Nxb7 Qxb7 31. Qa5 Rc6 32. Bf3 Rb6 33. Bxd5 Nxd5
34. Rxd5 Rxb2 35. Rd8 Rxd8 36. Rxd8+ Kg7 37. Qe5+ f6 38. Qe8 Rb1+ 39. Kh2 Qc7+
40. g3  1-0

[Event "Marienbad Open 2022 - A2 GM Round Robin"]
[Site "Continental hotel, Marianske Lazne"]
[Date "2022.01.18"]
[Round "4"]
[Board "2"]
[White "Braeuer, Franz"]
[Black "Rasik, Vitezslav"]
[Result "1/2-1/2"]
[WhiteElo "2435"]
[BlackElo "2424"]
[PlyCount "25"]
[EventDate "2022.01.15"]
[EventRounds "9"]
[EventCountry "CZE"]

1. e4 d6 2. d4 Nf6 3. Nc3 g6 4. Be3 c6 5. Qd2 b5 6. f3 Bg7 7. O-O-O Qa5 8. Kb1
Nbd7 9. Bh6 Bxh6 10. Qxh6 b4 11. Nce2 c5 12. dxc5 Qxc5 13. h4  1/2-1/2

[Event "Marienbad Open 2022 - A2 GM Round Robin"]
[Site "Continental hotel, Marianske Lazne"]
[Date "2022.01.18"]
[Round "4"]
[Board "3"]
[White "Kusa, Jakub"]
[Black "Stefansson, Hannes"]
[Result "1/2-1/2"]
[WhiteElo "2297"]
[BlackElo "2518"]
[PlyCount "50"]
[EventDate "2022.01.15"]
[EventRounds "9"]
[EventCountry "CZE"]

1. d4 Nf6 2. Nf3 b6 3. c4 Bb7 4. g3 e6 5. Bg2 Be7 6. O-O O-O 7. Nc3 Ne4 8. Bd2
f5 9. d5 Bf6 10. Rc1 Na6 11. Be1 Nac5 12. b4 Nxc3 13. Bxc3 Ne4 14. Bxf6 Qxf6
15. Qd4 a5 16. Qxf6 gxf6 17. a3 axb4 18. axb4 Ra4 19. dxe6 dxe6 20. Nd4 Kf7 21.
f3 Rd8 22. e3 Nd6 23. c5 bxc5 24. Rxc5 Rd7 25. Rfc1 Rxb4  1/2-1/2

[Event "Marienbad Open 2022 - A2 GM Round Robin"]
[Site "Continental hotel, Marianske Lazne"]
[Date "2022.01.18"]
[Round "4"]
[Board "4"]
[White "Wachinger, Nikolas"]
[Black "Sorm, Daniel"]
[Result "1-0"]
[WhiteElo "2360"]
[BlackElo "2345"]
[PlyCount "83"]
[EventDate "2022.01.15"]
[EventRounds "9"]
[EventCountry "CZE"]

1. e4 c5 2. Nf3 d6 3. d4 cxd4 4. Nxd4 Nf6 5. Nc3 Nc6 6. Bc4 Qb6 7. Nb3 e6 8.
Bf4 Ne5 9. Be2 a6 10. g4 Be7 11. g5 Nfd7 12. Be3 Qc7 13. Qd4 O-O 14. h4 b5 15.
h5 b4 16. Qxb4 Nc6 17. Qc4 Nb6 18. Qd3 Ne5 19. Qd4 Nec4 20. Bxc4 Nxc4 21. O-O-O
Nxe3 22. Qxe3 Re8 23. f4 Bf8 24. g6 fxg6 25. hxg6 h6 26. Qf3 Bb7 27. Nd4 Rac8
28. Rh2 e5 29. Nf5 exf4 30. Qxf4 Re6 31. Rg1 Rce8 32. Nd5 Bxd5 33. exd5 Re1+
34. Rxe1 Rxe1+ 35. Kd2 Re5 36. Ne3 Rg5 37. Rf2 Qe7 38. Qf7+ Qxf7 39. gxf7+ Kh7
40. c4 Rg6 41. b4 Rg1 42. Rf1  1-0

[Event "Marienbad Open 2022 - A2 GM Round Robin"]
[Site "Continental hotel, Marianske Lazne"]
[Date "2022.01.18"]
[Round "4"]
[Board "5"]
[White "Finek, Vaclav"]
[Black "Ghazarian, Kirk"]
[Result "1/2-1/2"]
[WhiteElo "2425"]
[BlackElo "2379"]
[PlyCount "34"]
[EventDate "2022.01.15"]
[EventRounds "9"]
[EventCountry "CZE"]

1. d4 Nf6 2. Nf3 d5 3. c4 e6 4. g3 Bb4+ 5. Bd2 Be7 6. Qc2 c6 7. Bg2 Nbd7 8. O-O
a5 9. Bf4 O-O 10. Nbd2 Nh5 11. Rfd1 Nxf4 12. gxf4 b6 13. e3 Bb7 14. cxd5 cxd5
15. Rac1 Rc8 16. Qd3 Rxc1 17. Rxc1 Qb8  1/2-1/2

[Event "Marienbad Open 2022 - A2 GM Round Robin"]
[Site "Continental hotel, Marianske Lazne"]
[Date "2022.01.18"]
[Round "5"]
[Board "1"]
[White "Ghazarian, Kirk"]
[Black "Lalith, Babu"]
[Result "1/2-1/2"]
[WhiteElo "2379"]
[BlackElo "2548"]
[PlyCount "44"]
[EventDate "2022.01.15"]
[EventRounds "9"]
[EventCountry "CZE"]

1. d4 Nf6 2. c4 e6 3. g3 d5 4. Nf3 Be7 5. Bg2 O-O 6. O-O dxc4 7. Qc2 b5 8. a4
b4 9. Nfd2 Nd5 10. Nxc4 c5 11. dxc5 Ba6 12. Ne3 Nd7 13. Nxd5 exd5 14. c6 Rc8
15. Bf4 Nc5 16. Rd1 d4 17. Bf3 Ne6 18. Be5 Bf6 19. Qf5 Bxe5 20. Qxe5 Re8 21. h4
h6 22. Nd2 Ng5  1/2-1/2

[Event "Marienbad Open 2022 - A2 GM Round Robin"]
[Site "Continental hotel, Marianske Lazne"]
[Date "2022.01.18"]
[Round "5"]
[Board "2"]
[White "Sorm, Daniel"]
[Black "Finek, Vaclav"]
[Result "1/2-1/2"]
[WhiteElo "2345"]
[BlackElo "2425"]
[PlyCount "106"]
[EventDate "2022.01.15"]
[EventRounds "9"]
[EventCountry "CZE"]

1. d4 Nf6 2. c4 g6 3. Nc3 d5 4. cxd5 Nxd5 5. e4 Nxc3 6. bxc3 Bg7 7. Nf3 c5 8.
Bb5+ Nc6 9. Rb1 O-O 10. d5 Ne5 11. Nxe5 Bxe5 12. O-O Bxc3 13. Be3 a6 14. Bd3
Bd4 15. Bxd4 cxd4 16. f4 e6 17. dxe6 fxe6 18. e5 b5 19. Qg4 Ra7 20. h4 Kh8 21.
Rf3 Bb7 22. Rh3 Bd5 23. h5 gxh5 24. Qxh5 Rff7 25. g4 Bc4 26. Qh6 Qf8 27. Qxf8+
Rxf8 28. Rf1 Raf7 29. f5 exf5 30. Rxf5 Bxd3 31. Rxf7 Rxf7 32. Rxd3 Rf4 33. Ra3
Rxg4+ 34. Kf2 Rf4+ 35. Kg3 Re4 36. Rxa6 Rxe5 37. Rd6 Re2 38. Rb6 Rxa2 39. Rxb5
Kg7 40. Rd5 Rd2 41. Kf3 Kg6 42. Ke4 Re2+ 43. Kf3 Rd2 44. Ke4 Rf2 45. Rxd4 Kg5
46. Ke3 Rf7 47. Ke2 h5 48. Rd1 h4 49. Rf1 Rxf1 50. Kxf1 h3 51. Kg1 h2+ 52. Kh1
Kf5 53. Kg2 h1=B+  1/2-1/2

[Event "Marienbad Open 2022 - A2 GM Round Robin"]
[Site "Continental hotel, Marianske Lazne"]
[Date "2022.01.18"]
[Round "5"]
[Board "3"]
[White "Stefansson, Hannes"]
[Black "Wachinger, Nikolas"]
[Result "1/2-1/2"]
[WhiteElo "2518"]
[BlackElo "2360"]
[PlyCount "73"]
[EventDate "2022.01.15"]
[EventRounds "9"]
[EventCountry "CZE"]

1. e4 e5 2. Nf3 Nf6 3. Nxe5 d6 4. Nf3 Nxe4 5. c4 Be7 6. Nc3 Nxc3 7. dxc3 O-O 8.
Bd3 Nd7 9. Qc2 h6 10. Be3 Nc5 11. Bh7+ Kh8 12. O-O-O b6 13. b4 Ne6 14. Be4 Rb8
15. Ne5 Bd7 16. Nc6 Bxc6 17. Bxc6 Qc8 18. Kb2 Nd8 19. Bf3 f5 20. Rhe1 Bf6 21.
Qd2 Nf7 22. Bd5 c6 23. Bxf7 Rxf7 24. Qxd6 a5 25. a3 Ra7 26. Bd4 Bxd4 27. cxd4
axb4 28. axb4 Rba8 29. Ra1 Rxa1 30. Rxa1 Rxa1 31. Kxa1 Qa6+ 32. Kb2 Qxc4 33.
Qb8+ Kh7 34. Qxb6 Qe2+ 35. Kc3 Qe1+ 36. Kd3 Qd1+ 37. Kc3  1/2-1/2

[Event "Marienbad Open 2022 - A2 GM Round Robin"]
[Site "Continental hotel, Marianske Lazne"]
[Date "2022.01.18"]
[Round "5"]
[Board "4"]
[White "Rasik, Vitezslav"]
[Black "Kusa, Jakub"]
[Result "1/2-1/2"]
[WhiteElo "2424"]
[BlackElo "2297"]
[PlyCount "114"]
[EventDate "2022.01.15"]
[EventRounds "9"]
[EventCountry "CZE"]

1. e4 e5 2. Nf3 Nc6 3. Bb5 a6 4. Bxc6 dxc6 5. Nc3 f6 6. d4 exd4 7. Nxd4 c5 8.
Nde2 Qxd1+ 9. Nxd1 Be6 10. Be3 O-O-O 11. Ndc3 Bd6 12. O-O-O Ne7 13. Nf4 Bf7 14.
h3 Rhe8 15. g4 Nc6 16. Nh5 Bxh5 17. gxh5 Be5 18. Rxd8+ Nxd8 19. Rg1 Ne6 20. Ne2
Bd4 21. Rg3 Bxe3+ 22. Rxe3 g6 23. hxg6 hxg6 24. Rf3 Rf8 25. Nf4 Nxf4 26. Rxf4
Kd7 27. Kd2 Ke6 28. Rh4 Rf7 29. Ke3 b6 30. Rh6 Rg7 31. h4 g5 32. hxg5 Rxg5 33.
Rh7 c6 34. Rc7 Kd6 35. Rf7 Rg6 36. c4 Rh6 37. Kf4 Ke6 38. Rb7 Rh4+ 39. Ke3 Ke5
40. f3 b5 41. Rb6 Kd6 42. Rxa6 bxc4 43. Ra8 Kd7 44. Kd2 Rh3 45. Ra3 Rh2+ 46.
Kc3 Rf2 47. Kxc4 Rxb2 48. Kxc5 Rc2+ 49. Kd4 Kd6 50. Ke3 Ke5 51. Kd3 Rf2 52.
Ra5+ c5 53. Rxc5+ Ke6 54. Rc6+ Ke7 55. a4 Rxf3+ 56. Kc2 Rf4 57. Kd3 f5  1/2-1/2

[Event "Marienbad Open 2022 - A2 GM Round Robin"]
[Site "Continental hotel, Marianske Lazne"]
[Date "2022.01.18"]
[Round "5"]
[Board "5"]
[White "Malinovsky, Karel"]
[Black "Braeuer, Franz"]
[Result "1/2-1/2"]
[WhiteElo "2473"]
[BlackElo "2435"]
[PlyCount "69"]
[EventDate "2022.01.15"]
[EventRounds "9"]
[EventCountry "CZE"]

1. e4 c5 2. Nf3 d6 3. d4 cxd4 4. Nxd4 Nf6 5. Nc3 a6 6. Bg5 Nbd7 7. Bc4 Qb6 8.
Bb3 e6 9. Bxf6 Nxf6 10. Qd2 Nd7 11. f4 Nc5 12. f5 Bd7 13. O-O-O Be7 14. Kb1
O-O-O 15. fxe6 fxe6 16. Bxe6 Nxe6 17. Nd5 Qxd4 18. Qxd4 Nxd4 19. Nxe7+ Kb8 20.
Rxd4 Rde8 21. Nd5 Rhf8 22. Kc1 Rf2 23. Rg1 Ref8 24. Nc3 Kc7 25. Rd2 Rf1+ 26.
Rd1 Rxg1 27. Rxg1 Rf2 28. Nd1 Re2 29. Nc3 Rf2 30. h4 Bc6 31. g3 Kd7 32. Nd5 Re2
33. Nc3 Rf2 34. Nd5 Re2 35. Nc3  1/2-1/2

[Event "Marienbad Open 2022 - A2 GM Round Robin"]
[Site "Continental hotel, Marianske Lazne"]
[Date "2022.01.19"]
[Round "6"]
[Board "1"]
[White "Lalith, Babu"]
[Black "Braeuer, Franz"]
[Result "1/2-1/2"]
[WhiteElo "2548"]
[BlackElo "2435"]
[PlyCount "43"]
[EventDate "2022.01.15"]
[EventRounds "9"]
[EventCountry "CZE"]

1. d4 Nf6 2. c4 e6 3. Nf3 d5 4. g3 Bb4+ 5. Bd2 Be7 6. Bg2 c6 7. Qc2 O-O 8. O-O
Nbd7 9. Rd1 b6 10. b3 a5 11. Bc3 Ne4 12. Bb2 Bb7 13. Nc3 f5 14. e3 Rc8 15. Ne2
g5 16. Ne5 Qe8 17. Nxd7 Qxd7 18. f3 Nf6 19. c5 b5 20. Nc1 Bd8 21. Nd3 g4 22.
Ne5  1/2-1/2

[Event "Marienbad Open 2022 - A2 GM Round Robin"]
[Site "Continental hotel, Marianske Lazne"]
[Date "2022.01.19"]
[Round "6"]
[Board "2"]
[White "Kusa, Jakub"]
[Black "Malinovsky, Karel"]
[Result "1/2-1/2"]
[WhiteElo "2297"]
[BlackElo "2473"]
[PlyCount "69"]
[EventDate "2022.01.15"]
[EventRounds "9"]
[EventCountry "CZE"]

1. d4 d5 2. Nf3 Nf6 3. c4 e6 4. g3 Be7 5. Bg2 O-O 6. O-O dxc4 7. Qc2 a6 8. a4
Bd7 9. Qxc4 Bc6 10. Bf4 Bd6 11. Qc1 Nbd7 12. Nc3 Qe7 13. Re1 Bxf4 14. Qxf4 Bxf3
15. Bxf3 c6 16. a5 Rfd8 17. Red1 Rac8 18. Bg2 Qb4 19. Qc1 Nd5 20. e4 Nc7 21.
Ra4 Qe7 22. Ra1 Nb5 23. Nxb5 cxb5 24. Qe3 Nf6 25. Rac1 h6 26. Rxc8 Rxc8 27. e5
Nd5 28. Bxd5 exd5 29. Rc1 Rc4 30. b3 Rxc1+ 31. Qxc1 Qb4 32. Qc8+ Kh7 33. Qf5+
Kg8 34. Qc8+ Kh7 35. Qf5+  1/2-1/2

[Event "Marienbad Open 2022 - A2 GM Round Robin"]
[Site "Continental hotel, Marianske Lazne"]
[Date "2022.01.19"]
[Round "6"]
[Board "3"]
[White "Wachinger, Nikolas"]
[Black "Rasik, Vitezslav"]
[Result "1/2-1/2"]
[WhiteElo "2360"]
[BlackElo "2424"]
[PlyCount "90"]
[EventDate "2022.01.15"]
[EventRounds "9"]
[EventCountry "CZE"]

1. e4 d6 2. d4 g6 3. Nc3 Bg7 4. Nf3 Nf6 5. h3 O-O 6. Be3 Nc6 7. d5 Nb8 8. Qd2
c6 9. Bh6 a6 10. g4 b5 11. a3 c5 12. Bd3 Nbd7 13. O-O c4 14. Be2 Nc5 15. Bxg7
Kxg7 16. e5 Nfd7 17. Qd4 Kg8 18. Rfe1 dxe5 19. Nxe5 Nxe5 20. Qxe5 Qd6 21. Bf1
Ra7 22. a4 Qxe5 23. Rxe5 b4 24. Nb1 Rc7 25. Bxc4 Nd7 26. Re4 Nc5 27. Rd4 Rd8
28. c3 bxc3 29. bxc3 e5 30. dxe6 Nxe6 31. Rxd8+ Nxd8 32. Nd2 Ne6 33. Rb1 Ng5
34. Kg2 Kg7 35. a5 Rc5 36. Rb8 Be6 37. Bxa6 Bd5+ 38. Kh2 Rxc3 39. Bf1 Rc2 40.
Rd8 Rxd2 41. Bg2 Nf3+ 42. Kg3 Rd3 43. Bf1 Rd1 44. a6 Rxf1 45. Rxd5 Ra1  1/2-1/2